Loading...
| Literature - European | 0 | 6 | 2 | 0 | 50 | 46 | 84.67 | 0 | 2 | 16.64 | 26.67 |
| Mythology | 0 | 4 | 1 | 0 | 35 | 58 | 63.75 | 1 | 3 | 17.41 | 26.67 |
| Literature - World | 0 | 4 | 1 | 0 | 35 | 49 | 86.00 | 2 | 2 | 12.06 | 21.11 |
| Literature - British | 0 | 3 | 0 | 0 | 30 | 17 | 59.33 | 1 | 1 | 14.63 | 21.11 |
| Literature - American | 0 | 3 | 0 | 0 | 30 | 84 | 103.67 | 0 | 0 | 2.89 | 8.89 |
| History - Other | 0 | 2 | 0 | 0 | 20 | 21 | 26.50 | 2 | 2 | 15.03 | 20.00 |
| Science - Biology | 0 | 2 | 0 | 0 | 20 | 45 | 52.50 | 0 | 2 | 9.95 | 15.56 |
| Social Science | 0 | 2 | 1 | 1 | 15 | 60 | 84.50 | 0 | 1 | 6.90 | 12.70 |
| Religion | 0 | 2 | 1 | 0 | 15 | 60 | 60.00 | 1 | 1 | 9.65 | 16.67 |
| Fine Arts - Classical Music | 0 | 3 | 3 | 0 | 15 | 44 | 67.67 | 1 | 1 | 12.03 | 17.78 |
| Philosophy | 0 | 1 | 0 | 0 | 10 | 51 | 51.00 | 0 | 0 | 6.19 | 2.78 |
| History - World | 0 | 1 | 0 | 0 | 10 | 45 | 45.00 | 1 | 1 | 5.71 | 10.00 |
| Popular Culture | 0 | 1 | 0 | 0 | 10 | 58 | 58.00 | 0 | 0 | 9.82 | 4.44 |
| Science - Other | 0 | 1 | 0 | 0 | 10 | 42 | 42.00 | 1 | 1 | 6.87 | 10.00 |
| Fine Arts - Other | 0 | 1 | 2 | 0 | 0 | 75 | 75.00 | 1 | 1 | 3.70 | 10.00 |
| History - European | 0 | 0 | 1 | 0 | -5 | 0.00 | 0 | 0 | 0.00 | 0.00 | |
| Science - Chemistry | 0 | 0 | 1 | 0 | -5 | 0.00 | 0 | 0 | 0.00 | 0.00 | |
| Fine Arts - Painting and Sculpture | 0 | 0 | 2 | 0 | -10 | 0.00 | 0 | 0 | 0.00 | 0.00 |